2013 NFL Draft Picks Round 1 - Statistics

General Stats
  • This quiz has been taken 465 times
  • The average score is 8 of 32
Answer Stats
Position College Team (NFL) Player % Correct
OT Central Michigan Kansas City Chiefs Eric Fisher
81%
OT Oklahoma Philadelphia Eagles Lane Johnson
56%
DE/OLB Oregon Miami Dolphins Dion Jordan
40%
QB Florida State Buffalo Bills E.J. Manuel
40%
WR West Virginia St. Louis Rams Tavon Austin
39%
OT Texas A&M Jacksonville Jaguars Luke Joeckel
38%
WR Clemson Houston Texans DeAndre Hopkins
34%
TE Notre Dame Cincinatti Bengals Tyler Eifert
33%
DE BYU Detroit Lions Ziggy Ansah
25%
CB Alabama New York Jets Dee Milliner
24%
C Wisconsin Dallas Cowboys Travis Frederick
24%
S LSU San Francisco 49ers Eric Reid
23%
DT Missouri New York Jets Sheldon Richardson
23%
DE/OLB LSU Cleveland Browns Barkevious Mingo
22%
S Texas New Orleans Saints Kenny Vaccaro
22%
CB Florida State Minnesota Vikings Xavier Rhodes
22%
CB Washington Atlanta Falcons Desmond Trufant
21%
OLB Georgia Pittsburgh Steelers Jarvis Jones
20%
OG Oregon Chicago Bears Kyle Long
20%
OG Alabama Tennesse Titans Chance Warmack
19%
OT Alabama San Diego Chargers D.J. Fluker
18%
S Florida Baltimore Ravens Matt Elam
18%
LB Georgia St. Louis Rams Alec Ogletree
17%
WR Tennessee Minnesota Vikings Cordarrelle Patterson
17%
DT Utah Carolina Panthers Star Lotulelei
17%
CB Houston Oakland Raiders D.J. Hayden
16%
OT Syracuse New York Giants Justin Pugh
16%
DT Florida Minnesota VIkings Sharrif Floyd
14%
DE Florida State Indianapolis Colts Bjoern Werner
13%
OG North Carolina Arizona Cardinals Johnathan Cooper
12%
DE U.C.L.A Green Bay Packers Datone Jones
11%
DT North Carolina Denver Broncos Sylvester Williams
11%
No matching quizzes found
Score Distribution
Percent of People with Each Score
Percentile by Number Answered
Your Score History
You have not taken this quiz